00653 2200181 4500001002100000005001500021035002000036007000300056008004100059082001200100084001600112245006100128260003900189500018800228650003000416856001700446990000800463INLIS00000000000029920220421084758 a0010-0422000017ta220421 g 0 ind  a297.648 a297.648 ABU aAbu dzar al-ghifari sa'ad bin'ubadah samurah bin jundalo aYogyakarta :bMitra Pustaka,c2004 aBuku ini ditulis dengan gaya bahasa cerita yang menawan dan dilengkapi dengan peristiwa-peristiwa sejarah yang digali dari sumber-sumber sejarah utama dalam pembentukan sejarah islam. 4aSahabat Nabi Muhammad SAW aKoleksi Umum a401